Culture Générale - Série 2256 - Statistiques

Statistiques générales
  • Ce quiz a été pris 97 fois
  • Le résultat moyen est 4 sur 10
Statistiques - réponses
Question Réponse % Correct
Idée, envie capricieuse, parfois déraisonnable - 5 lettres commençant par " l " lubie
65%
En sismologie, comment appelle-t-on un tremblement de terre qui a lieu après un séisme majeur ? réplique
60%
Petite rue ou une ruelle, souvent courte, reliant deux autres rues plus importantes - 7 lettres commençant par " v " - voir photo venelle
59%
Sur le modèle de "bisser" faire répéter trois fois à un artiste ou "crier" pour une hirondelle trisser
49%
Qui convient parfaitement, approprié, adéquat - 6 lettres commençant par " i " idoine
48%
Dispositif qui s'encastre dans une cheminée existante insert
41%
Nettoyer, réparer la partie immergée de la coque d'un bateau,synonyme de radouber caréner
17%
Sur un voilier, c'est manœuvrer le navire de manière à le rapprocher de l'axe du vent lofer
14%
Magistrat musulman qui remplit à la fois des fonctions civiles, militaires et religieuses. Il a notamment pour rôle de juger les désaccords entre particuliers. cadi
8%
Dans le monde de la tauromachie, comment appelle-t-on le troisième acte d'une corrida, dans la préparation de l'estocade ? faena
2%
Aucun quiz correspondant
Distribution des résultats
% des personnes avec chaque résultat
Percentile par nombre de réponses
Votre historique - résultats
Vous n’avez pas pris ce quiz